| 000 | 01133nam a2200325Ia 4500 | ||
|---|---|---|---|
| 005 | 20220317001728.0 | ||
| 008 | 170328s2015 ck a g 000 j spa | ||
| 020 | _a9580486441 | ||
| 020 | _a9789580486442 | ||
| 041 | _aspa | ||
| 100 | 1 | _aSharmat, Marjorie Weinman | |
| 245 | 1 | 0 |
_aYo, el gran Fercho y el ladrón _cMarjorie Weinman Sharmat ; ilustaciones de Marc Simont ; traducción de Cristina Aparicio |
| 250 | _a1a. edición | ||
| 300 |
_a47 páginas _bilustraciones a color _c19 cm |
||
| 490 | _aTorre de papel : naranja | ||
| 521 | _aRecomnedado para niños desde los 6 años | ||
| 534 | _tNate the great goes undercover | ||
| 650 | 1 | 4 |
_2LEMB _aCuentos infantiles estadounidenses |
| 650 | 1 | 4 |
_2LEMB _aLiteratura infantil estadounidense |
| 650 | 1 | 4 |
_2LEMB _aDetectives en la literatura |
| 700 | 1 |
_aSimont, Marc _916522 |
|
| 700 | 1 |
_aAparicio A., María Cristina _971006 |
|
| 942 |
_2loc _cBKINF |
||
| 264 |
_aBogotá _bNorma _c2015 |
||
| 336 |
_atexto _btxt _2rdacontent |
||
| 337 |
_asin mediación _bn _2rdamedia |
||
| 338 |
_avolumen _bnc _2rdacarrier |
||
| 040 |
_aCO-BoRNBP _bspa _erda _cCO-BoRNBP |
||
| 084 | _aC SHA3 | ||
| 999 |
_c7879 _d7879 |
||